Catalog

Record Details

Catalog Search



Klokánek - rodinná alternativa ústavní péče : analýza zařízení pro děti vyžadující okamžitou pomoc : absolventská práce Cover Image Book Book

Klokánek - rodinná alternativa ústavní péče : analýza zařízení pro děti vyžadující okamžitou pomoc : absolventská práce Kristýna Uhlířová ; Vedoucí práce: Marie Vorlová

Record details

  • Physical Description: 56 s. 7 příl.

Content descriptions

Bibliography, etc. Note:
bibliogr. s. 42

Available copies

  • 1 of 1 copy available at Common Catalog SPOK.

Holds

  • 0 current holds with 1 total copy.
Show Only Available Copies
Location Call Number / Copy Notes Barcode Shelving Location Status Due Date
Jabok Library ABP-1441 424480022791 Absolventské práce Reference -

LDR 00711ntm a22 a 4500
0015505
003CZ-PrJAB
00520120719134055.0
008090521s2008 xr e |||| |cze
009cz
035 . ‡a(CONS)5505
035 . ‡aKPS0018803
0410 . ‡acze
10011. ‡715057 ‡aUhlířová, Kristýna
110 2. ‡aJabok - Vyšší odborná škola sociálně pedagogická a teologická
2451 . ‡aKlokánek - rodinná alternativa ústavní péče : analýza zařízení pro děti vyžadující okamžitou pomoc : ‡babsolventská práce ‡cKristýna Uhlířová ; Vedoucí práce: Marie Vorlová
260 . ‡aPraha ‡c2008
300 . ‡a56 s. ‡b7 příl.
504 . ‡abibliogr. s. 42
653 . ‡aKlokánek ‡aFond ohrožených dětí
70011. ‡74797 ‡aVorlová, Marie
999 . ‡a1441- ‡c1441- ‡i424480022791 ‡tP
910 . ‡aABG312
901 . ‡a5505 ‡bUnknown ‡c5505 ‡tbiblio

Additional Resources